LEADER 01257naa a2200253 u 4500 001 000000096127 003 CaOOAMICUS 005 20070226130145.0 008 040719s1982 gw u000 u ger u 020 $a353407887X 035 $a11004886 040 $aIAR$bita 041 1 $ager$hita 100 1 $aMarongiu, Antonio,$d1902-$0(OLS)http://pul/name/11570 240 10$aStato modello nel medopevo italiano : Il regno normanno-svevo di Sicilia /.$lTedesco.$0(OLS)http://pul/title/123004 245 15$aEin "Modellstaat" im italienisches Mittelalter :$bDas normannisch-staufische Reich in Sizilien /$cAntonio Marongił. 260 $aDarmstadt :$bWissenschaftliche Buchgesellschaft,$c1982. 300 $aS. 325-348, ;$c20 cm 651 4$aSicilia$xStoria$ySec. XI-XIII.$0(OLS)http://pul/subject/30446 773 0 $aStupor mundi : Zur Geschichte Friedrichs II. von Hohenstaufen. 773 0 $tStupor mundi : Zur Geschichte Friedrich's II. von Hohenstaufen$w()26656 996 $6020$a353407887X$9(OLS)http://pul/number/33091 996 $6245$aEin "Modellstaat" im italienisches Mittelalter :$bDas normannisch-staufische Reich in Sizilien$9(OLS)http://pul/title/123005 996 $6260$aDarmstadt :$bWissenschaftliche Buchgesellschaft$9(OLS)http://pul/publisher/51457 LEADER 00879naa a2200205 u 4500 001 000000103401 003 CaOOAMICUS 005 20070226130215.0 008 061115s1978 it u000 u ita u 035 $a11106944 040 $aIAR$bita 100 1 $aVanni Rovighi, Sofia,$d1908-1990.$0(OLS)http://pul/name/5652 245 13$aIl canto IV del "Paradiso" visto da uno studioso della filosofia medievale /$cSofia Vanni Rovighi. 260 $aMilano :$bVita e pensiero,$c1978. 300 $av.2, p. 260-274 ;$c22 cm 500 $aIAR: CCI.222 773 0 $aStudi di filosofia medioevale (Vanni Rovighi, Sofia) 773 0 $aVanni Rovighi, Sofia.$tStudi di filosofia medioevale$g19-20.$w()12175 996 $6245$aIl canto IV del "Paradiso" visto da uno studioso della filosofia medievale$9(OLS)http://pul/title/130306 996 $6260$aMilano :$bVita e pensiero$9(OLS)http://pul/publisher/48016